| 000 | 00503cam a22001457a 4500 | ||
|---|---|---|---|
| 008 | 180718b1992 xxu||||| |||| 00| 0 eng d | ||
| 082 | _aQ39 W893 (N) | ||
| 100 | _aWorld Congress on Natural Hazard Reduction, Jan. 10-14, 1992: Institute of Engineers, New Delhi | ||
| 245 | _aTechnical papers | ||
| 260 |
_aNew Delhi _bWorld Federation of Engineering Organizations _c1992 |
||
| 300 | _av. | ||
| 440 | _aContents v.1 Technical papers, 473p. | ||
| 650 | _aEarthquake hazard analysis | ||
| 650 | _aDisasters | ||
| 999 |
_c489186 _d489186 |
||